00862nam a22002177a 450000500170000001000150001702000260003203500140005803700090007208200130008124501160009425000060021026000700021627000540028630000260034070000420036670000350040894200240044399900190046795201580048620250610110644.0 aENG-145265 c600.00a9789354454479 aEN-128797 bDBAD a323.421 aLegal Dimension of Human Rights in the technological Realm/cEdited By Wasantha Seneviratne [and] Sourabh Ubale a1 aSri Lanka bThe Centre for the Study of Human Rights (CSHR)c2021 aFaculty of Law, University of ColombobSri Lanka  aviii, 240p.c29cm(pb) aSeneviratne, Wasantha eEditor981817 aUbale, Sourabh eEditor981818 2ddccENmLEGh323.4 c211685d211685 001040718NFICaDBADbDBADd2025-06-10eDelivery of Books Act Divisiong600.00l0oLEG 323.4pEN-128797r2025-06-10 00:00:00t1v600.00w2025-06-10yEN